000 00344nam a22001577a 4500
003 SGT
020 _a81-8416-008-9
082 _a615.4
_bH19G
100 _aGOYAL, RAMESH K.
245 _aA TEXT BOOK OF HOSPITAL PHARMACY
250 _a14TH
260 _aAHMEDABAD
_b B.S SHAH
_c2019
300 _a403
650 _aPHARMACY
942 _2ddc
_cBK
999 _c20501
_d20501